[Event "2.Spand. W-Open 2016"]
[Site "Berlin"]
[Date "2016.12.27"]
[Round "1.1"]
[White "Meister, Jakob"]
[Black "Arndt, Nino"]
[Result "1-0"]
[WhiteElo "2444"]
[BlackElo "1791"]
[PlyCount "47"]
[EventDate "2016.??.??"]
[WhiteTeam "SK Zehlendorf e.V."]
[BlackTeam "Schachverein Briesen e.V."]

1. c4 c5 2. Nc3 Nc6 3. e3 g6 4. d4 cxd4 5. exd4 Bg7 6. d5 Nd4 7. Bd3 d6 8. Be3
Nf5 9. Bxf5 Bxf5 10. Bd4 Nf6 11. Nge2 O-O 12. O-O Re8 13. b3 a6 14. a4 Rc8 15.
a5 Nd7 16. Bxg7 Kxg7 17. Nd4 e5 18. Nxf5+ gxf5 19. f4 e4 20. Ne2 Nc5 21. Ng3
Qd7 22. Qh5 Nxb3 23. Nxf5+ Kh8 24. Qg5 1-0

[Event "2.Spand. W-Open 2016"]
[Site "Berlin"]
[Date "2016.12.27"]
[Round "1.2"]
[White "Jansen, Robert"]
[Black "Muse, Drazen"]
[Result "0-1"]
[WhiteElo "1790"]
[BlackElo "2358"]
[PlyCount "52"]
[EventDate "2016.??.??"]
[WhiteTeam "SC Kreuzberg e.V."]
[BlackTeam "SK König Tegel 1949 e.V."]

1. d4 e6 2. e4 c5 3. c3 d5 4. e5 Nc6 5. Nf3 Qb6 6. Bd3 Bd7 7. Bc2 cxd4 8. cxd4
Nb4 9. Nc3 Nxc2+ 10. Qxc2 Qa6 11. Be3 Ne7 12. Rb1 Rc8 13. a4 Nf5 14. Bd2 Be7
15. b4 Qc4 16. Qb3 Nxd4 17. Qxc4 Nxf3+ 18. gxf3 Rxc4 19. b5 O-O 20. h4 Rfc8 21.
Ne2 Rxa4 22. f4 f6 23. h5 Rc2 24. Nc3 Rd4 25. Rd1 Rdxd2 26. Rxd2 Rxc3 0-1

[Event "2.Spand. W-Open 2016"]
[Site "Berlin"]
[Date "2016.12.27"]
[Round "1.3"]
[White "Ahmadinia, Ebrahim"]
[Black "Bielick, Jakob"]
[Result "1-0"]
[WhiteElo "2357"]
[BlackElo "1780"]
[PlyCount "27"]
[EventDate "2016.??.??"]
[WhiteTeam "Iran"]
[BlackTeam "SV Rochade Potsdam-West e.V."]
[WhiteTeamCountry "IRI"]

1. e4 e5 2. Nf3 Nc6 3. Bc4 Nf6 4. d3 Qe7 5. c3 Na5 6. Bb5 c6 7. Ba4 b5 8. Bc2
c5 9. O-O g6 10. b4 cxb4 11. cxb4 Nc6 12. Nc3 Nxb4 13. Nxb5 Qc5 14. Ba4 1-0

[Event "2.Spand. W-Open 2016"]
[Site "Berlin"]
[Date "2016.12.27"]
[Round "1.4"]
[White "Tham, Minh"]
[Black "Brustkern, Jürgen"]
[Result "1-0"]
[WhiteElo "1774"]
[BlackElo "2246"]
[PlyCount "105"]
[EventDate "2016.??.??"]
[WhiteTeam "SC Weisse Dame e.V."]
[BlackTeam "SC Zugzwang 95 e.V."]

1. e4 g6 2. d4 Bg7 3. Nc3 Nc6 4. Be3 d5 5. e5 Nh6 6. f4 Ng4 7. Bc1 h5 8. Nf3 a6
9. Be2 Bf5 10. O-O Qd7 11. a3 Be4 12. Ng5 Bf5 13. Nf3 Nd8 14. Nh4 Nh6 15. Bf3
c6 16. Na4 Qc7 17. Qe2 Ne6 18. Be3 O-O-O 19. c4 dxc4 20. Qxc4 b5 21. Qb4 a5 22.
Qd2 bxa4 23. Rac1 c5 24. Qe2 Rxd4 25. Qa6+ Kd8 26. Bxd4 Nxd4 27. Qa8+ Bc8 28.
Rfd1 e6 29. Rxd4+ Ke7 30. Rdc4 Bd7 31. Qb7 Qxb7 32. Bxb7 Rb8 33. Bf3 Ke8 34.
Rxc5 Bf8 35. Rxa5 Be7 36. g3 Bd8 37. Ra8 Rxb2 38. Bc6 Bxc6 39. Rxc6 Rb1+ 40.
Kg2 Rb2+ 41. Kf1 Ke7 42. Ra7+ Ke8 43. Rc8 Ng4 44. Raa8 Rd2 45. Ke1 Rd5 46. h3
Ne3 47. Ke2 Nf5 48. Nxf5 gxf5 49. Ke3 Ke7 50. Ra7+ Ke8 51. Rxa4 Kd7 52. Rxd8+
Kxd8 53. Rd4 1-0

[Event "2.Spand. W-Open 2016"]
[Site "Berlin"]
[Date "2016.12.27"]
[Round "1.5"]
[White "Weber, Dirk"]
[Black "Heimann, Alexander"]
[Result "1-0"]
[WhiteElo "2246"]
[BlackElo "1771"]
[PlyCount "73"]
[EventDate "2016.??.??"]
[WhiteTeam "vereinslos"]
[BlackTeam "SC Zitadelle Spandau 1977 e.V."]

1. e4 c5 2. Nc3 e6 3. g3 Nc6 4. Bg2 a6 5. Nh3 Nf6 6. Nf4 Qc7 7. d3 b5 8. O-O b4
9. Na4 Bb7 10. Re1 d6 11. c3 a5 12. cxb4 Nxb4 13. a3 Nc6 14. Be3 e5 15. Nd5
Nxd5 16. exd5 Ne7 17. Qb3 Ba6 18. f4 f6 19. fxe5 fxe5 20. Rf1 g6 21. Nb6 Rb8
22. Qa4+ Kd8 23. Nc4 Nf5 24. Bg5+ Be7 25. Bxe7+ Kxe7 26. Nxa5 Bb5 27. Qg4 Qxa5
28. Rxf5 Be8 29. Rf2 Kd8 30. Qg5+ Kc7 31. Bh3 Rd8 32. Raf1 h6 33. Qf6 Rh7 34.
Be6 Qb5 35. b4 Qb6 36. Rc1 Kb7 37. bxc5 1-0

[Event "2.Spand. W-Open 2016"]
[Site "Berlin"]
[Date "2016.12.27"]
[Round "1.6"]
[White "Bongartz, Florian"]
[Black "Hansch, Karsten"]
[Result "0-1"]
[WhiteElo "1757"]
[BlackElo "2220"]
[PlyCount "64"]
[EventDate "2016.??.??"]
[WhiteTeam "SC Zitadelle Spandau 1977 e.V."]
[BlackTeam "SC Empor Potsdam 1952 e.V."]

1. e4 c6 2. d4 d5 3. Nc3 g6 4. e5 Nh6 5. f4 Bg4 6. Nf3 Nf5 7. Be2 Bxf3 8. Bxf3
e6 9. Ne2 c5 10. c3 cxd4 11. cxd4 Nc6 12. g4 Bb4+ 13. Kf1 Nh4 14. Kf2 Nxf3 15.
Kxf3 h5 16. g5 Rc8 17. Bd2 Be7 18. h4 a6 19. Qa4 Qb6 20. Bc3 O-O 21. Rhc1 Qa7
22. Qd1 b5 23. b3 Ba3 24. Rc2 Ne7 25. Ng3 b4 26. Be1 Rxc2 27. Qxc2 Qxd4 28. Rd1
Qb6 29. Bf2 Qc6 30. Qc5 Qb7 31. Ne2 d4+ 32. Kg3 Nf5+ 0-1

[Event "2.Spand. W-Open 2016"]
[Site "Berlin"]
[Date "2016.12.27"]
[Round "1.7"]
[White "Major, Vitalij"]
[Black "Hamelrath, Edward"]
[Result "1-0"]
[WhiteElo "2187"]
[BlackElo "1755"]
[PlyCount "44"]
[EventDate "2016.??.??"]
[WhiteTeam "Betriebsschach SV Senat"]
[BlackTeam "USV TU Dresden"]

1. d4 Nf6 2. Nf3 d5 3. c4 e6 4. Nc3 Bb4 5. e3 O-O 6. Bd2 c5 7. cxd5 exd5 8. a3
cxd4 9. axb4 dxc3 10. Bxc3 Be6 11. b5 Nbd7 12. Be2 Nb6 13. Qd4 Qb8 14. Bd3 h6
15. g4 Nbd7 16. g5 hxg5 17. Nxg5 Nh5 18. Bh7+ Kh8 19. Qh4 Ndf6 20. Nxe6 fxe6
21. Bg6 e5 22. Bxh5 d4 1-0

[Event "2.Spand. W-Open 2016"]
[Site "Berlin"]
[Date "2016.12.27"]
[Round "1.8"]
[White "Möwisch, Dave"]
[Black "Giese, Reinhard"]
[Result "1/2-1/2"]
[WhiteElo "1743"]
[BlackElo "2147"]
[PlyCount "117"]
[EventDate "2016.??.??"]
[WhiteTeam "Schachverein Briesen e.V."]
[BlackTeam "SC Zitadelle Spandau 1977 e.V."]

1. e4 c5 2. Nc3 e6 3. d3 Nc6 4. g3 Be7 5. Bg2 Nf6 6. f4 d6 7. Nf3 O-O 8. O-O
Rb8 9. a4 a6 10. h3 b5 11. axb5 axb5 12. g4 c4 13. g5 Nh5 14. Nh2 Qb6+ 15. Rf2
g6 16. Ng4 cxd3 17. cxd3 b4 18. Be3 Qb7 19. Ne2 f6 20. f5 fxg5 21. fxg6 hxg6
22. Rxf8+ Kxf8 23. Qd2 Ra8 24. Rf1+ Ke8 25. Bxg5 e5 26. Nf6+ Nxf6 27. Bxf6 Be6
28. Qh6 Kd7 29. Qxg6 Qa7+ 30. Kh2 Qe3 31. Bxe7 Nxe7 32. Qh5 Qxd3 33. Ng3 Rg8
34. Qf3 Qd4 35. Rf2 Rg5 36. Bf1 d5 37. Bb5+ Kd6 38. exd5 Bf5 39. Re2 Kc5 40.
Bc6 Bd3 41. Rd2 e4 42. Qf4 Qe5 43. Qe3+ Kd6 44. Rxd3 exd3 45. Qxg5 Qxb2+ 46.
Kg1 Qd4+ 47. Kg2 b3 48. Qh6+ Kc5 49. Qc1+ Kb6 50. Ba8 d2 51. Qd1 b2 52. Qb3+
Kc7 53. Qb7+ Kd8 54. Qb8+ Kd7 55. d6 Qxd6 56. Qxd6+ Kxd6 57. Ne4+ Ke5 58. Nxd2
Kf4 59. Be4 1/2-1/2

[Event "2.Spand. W-Open 2016"]
[Site "Berlin"]
[Date "2016.12.27"]
[Round "1.9"]
[White "Schulz, Michael"]
[Black "Lubanski, Jacob"]
[Result "1-0"]
[WhiteElo "2141"]
[BlackElo "1728"]
[PlyCount "45"]
[EventDate "2016.??.??"]
[WhiteTeam "SC Zitadelle Spandau 1977 e.V."]
[BlackTeam "SC Caissa Falkensee e.V."]

1. d4 g6 2. e4 d6 3. Nc3 Bg7 4. Be2 Nd7 5. Be3 b6 6. h4 Bb7 7. h5 e6 8. h6 Bf6
9. Qd2 Ne7 10. g4 Rg8 11. O-O-O Bh8 12. f4 f5 13. Bf3 Nf6 14. exf5 Bxf3 15.
Nxf3 exf5 16. g5 Nfd5 17. Nxd5 Nxd5 18. Rhe1 Qd7 19. Bf2+ Kd8 20. c4 Qc6 21. b3
Kc8 22. Kb1 Nb4 23. d5 1-0

[Event "2.Spand. W-Open 2016"]
[Site "Berlin"]
[Date "2016.12.27"]
[Round "1.10"]
[White "Gude, Michael"]
[Black "Hansch, Torsten"]
[Result "0-1"]
[WhiteElo "1710"]
[BlackElo "2138"]
[PlyCount "94"]
[EventDate "2016.??.??"]
[WhiteTeam "SF Fürth 1951 e.V."]
[BlackTeam "Stendaler Schachklub"]

1. e4 c5 2. Nf3 d6 3. Bb5+ Bd7 4. Bxd7+ Qxd7 5. O-O g6 6. d3 Bg7 7. Nc3 Nc6 8.
Be3 Nf6 9. h3 O-O 10. Qd2 Rfd8 11. a3 Ne8 12. Rab1 Nd4 13. Nh2 Rac8 14. f4 b5
15. Ne2 Nc7 16. Nf3 Nxe2+ 17. Qxe2 a5 18. b4 cxb4 19. axb4 a4 20. c4 Na6 21.
Qa2 Qb7 22. Rfc1 bxc4 23. Rxc4 Rxc4 24. Qxc4 Rc8 25. Qa2 Qb5 26. Ng5 e6 27. d4
Qd3 28. Re1 Bxd4 29. Bxd4 Qxd4+ 30. Kh1 Qxb4 31. Rb1 Qc4 32. Qxc4 Rxc4 33. Rb6
Nc7 34. Rxd6 h6 35. Nf3 Rxe4 36. Rd4 Rxd4 37. Nxd4 Kg7 38. g3 Kf6 39. Kg2 e5
40. Nc2 exf4 41. gxf4 Nb5 42. Kf3 a3 43. Ke4 a2 44. h4 h5 45. Na1 Na3 46. Kf3
Kf5 47. Kg3 Ke4 0-1

[Event "2.Spand. W-Open 2016"]
[Site "Berlin"]
[Date "2016.12.27"]
[Round "1.11"]
[White "Baumgardt, Uwe"]
[Black "Scheele, Andreas"]
[Result "1-0"]
[WhiteElo "2137"]
[BlackElo "1703"]
[PlyCount "37"]
[EventDate "2016.??.??"]
[WhiteTeam "SC Zitadelle Spandau 1977 e.V."]
[BlackTeam "vereinslos"]

1. e4 Nf6 2. e5 Nd5 3. Nc3 e6 4. Nf3 d6 5. exd6 Qxd6 6. Ne4 Qe7 7. d4 h6 8. c3
Nd7 9. Bd3 N5f6 10. Nxf6+ Qxf6 11. O-O Bd6 12. Qe2 O-O 13. Qe4 g6 14. Bxh6 Re8
15. Rfe1 c5 16. Ne5 cxd4 17. cxd4 Nb6 18. Re3 Nd5 19. Rf3 1-0

[Event "2.Spand. W-Open 2016"]
[Site "Berlin"]
[Date "2016.12.27"]
[Round "1.12"]
[White "Tham, Nam"]
[Black "Hansch, Stephan"]
[Result "0-1"]
[WhiteElo "1685"]
[BlackElo "2120"]
[PlyCount "98"]
[EventDate "2016.??.??"]
[WhiteTeam "SC Weisse Dame e.V."]
[BlackTeam "SC Empor Potsdam 1952 e.V."]

1. e4 c5 2. Nf3 d6 3. d4 cxd4 4. c3 g6 5. cxd4 Bg7 6. h3 Nf6 7. Nc3 O-O 8. Bc4
e6 9. Bb3 a6 10. O-O b5 11. a3 Bb7 12. Qe2 Nbd7 13. Bf4 Nb6 14. Rfd1 Qe7 15.
Qe3 Nc4 16. Bxc4 bxc4 17. Bg5 Qc7 18. Rac1 Rab8 19. Qe2 Rfc8 20. Bf4 Nh5 21.
Bh2 Bh6 22. Rc2 Nf4 23. Bxf4 Bxf4 24. g3 Bh6 25. Ne1 Ba8 26. f4 Qb6 27. Kh2 Bg7
28. Nf3 Qb7 29. Rdd2 h6 30. d5 Bxc3 31. Rxc3 exd5 32. exd5 Qb5 33. Qe4 Rc5 34.
Nd4 Rxd5 35. Rdc2 Qd7 36. Qe3 Rc5 37. f5 g5 38. Qe2 Qb7 39. Qf1 Qe4 40. Nf3
Rxf5 41. Rf2 Bd5 42. Qc1 Rb3 43. Rxb3 cxb3 44. Qc8+ Kh7 45. Nxg5+ Rxg5 46. Qc1
Rf5 47. Rd2 Qe3 48. h4 Rf2+ 49. Kh3 Be6# 0-1

[Event "2.Spand. W-Open 2016"]
[Site "Berlin"]
[Date "2016.12.27"]
[Round "1.13"]
[White "Gebigke, Martin"]
[Black "Lalaev, Ashur"]
[Result "1/2-1/2"]
[WhiteElo "2106"]
[BlackElo "1673"]
[PlyCount "126"]
[EventDate "2016.??.??"]
[WhiteTeam "SC Kreuzberg e.V."]
[BlackTeam "TuS Makkabi Berlin e.V."]

1. d4 Nf6 2. c4 e6 3. Nc3 d5 4. Nf3 c5 5. cxd5 Nxd5 6. e3 a6 7. Bd3 Nc6 8. O-O
cxd4 9. exd4 Be7 10. Re1 O-O 11. a3 h6 12. Bc2 Nf6 13. Qd3 Re8 14. Bd2 Bd6 15.
Rad1 Ne7 16. Ne5 Bxe5 17. dxe5 Qxd3 18. Bxd3 Nfd5 19. Ne4 Nf5 20. Rc1 Bd7 21.
Nc5 Bc6 22. Nxa6 Nfe7 23. Nc5 Red8 24. Bb1 Nb6 25. Bf4 Bd5 26. Red1 Rdc8 27.
Be4 Bxe4 28. Nxe4 Ned5 29. Bg3 Nc4 30. Nd6 Nxb2 31. Nxc8 Nxd1 32. Nd6 N1c3 33.
Ra1 b6 34. f3 Ne2+ 35. Kf2 Nxg3 36. hxg3 Ra5 37. Rc1 Rxa3 38. Rc8+ Kh7 39. Nxf7
Ra2+ 40. Kg1 Ne3 41. Kh2 Rxg2+ 42. Kh3 Rf2 43. f4 Rf1 44. Kh2 Kg6 45. Nd6 Kh5
46. Rc3 Rf2+ 47. Kh1 Re2 48. Nc4 Nd1 49. Rc1 Re1+ 50. Kh2 Re2+ 51. Kg1 Ne3 52.
Nxe3 Rxe3 53. Kf2 Rb3 54. Rh1+ Kg6 55. g4 b5 56. Rd1 Rc3 57. Rd6 Kf7 58. Rd7+
Kf8 59. Rb7 Rb3 60. Rb8+ Kf7 61. Rb7+ Kf8 62. Rb8+ Kf7 63. Rb7+ Kf8 1/2-1/2

[Event "2.Spand. W-Open 2016"]
[Site "Berlin"]
[Date "2016.12.27"]
[Round "1.14"]
[White "Weber, Detlef"]
[Black "Ijzermans, Cees"]
[Result "0-1"]
[WhiteElo "1659"]
[BlackElo "2095"]
[PlyCount "52"]
[EventDate "2016.??.??"]
[WhiteTeam "Schach-Club Höxter"]

1. e4 e5 2. Bc4 Nf6 3. Nf3 Nc6 4. Ng5 d5 5. exd5 Na5 6. Bb5+ c6 7. dxc6 bxc6 8.
Be2 h6 9. Nf3 e4 10. Ne5 Qd4 11. f4 Be6 12. c3 Qb6 13. b4 Nb7 14. Qa4 Nd8 15.
Na3 Be7 16. Nac4 Bxc4 17. Nxc4 Qc7 18. O-O O-O 19. Ne5 a5 20. Ba3 Nd5 21. Bc4
Nxf4 22. Rxf4 Qxe5 23. Raf1 axb4 24. Qxa8 Qc5+ 25. Kh1 Qxc4 26. Bxb4 Ne6 0-1

[Event "2.Spand. W-Open 2016"]
[Site "Berlin"]
[Date "2016.12.27"]
[Round "1.15"]
[White "Zschäbitz, Klaus"]
[Black "Lehmann, Michael"]
[Result "1/2-1/2"]
[WhiteElo "2088"]
[BlackElo "1656"]
[PlyCount "113"]
[EventDate "2016.??.??"]
[WhiteTeam "BSG 1827 Eckbauer e.V."]
[BlackTeam "SC Zitadelle Spandau 1977 e.V."]

1. c4 Nf6 2. g3 c6 3. Bg2 d5 4. Nf3 e6 5. b3 Nbd7 6. Bb2 Bd6 7. O-O O-O 8. Nc3
Re8 9. Rc1 Nb6 10. d3 Be7 11. e3 Nfd7 12. Qc2 Bf6 13. Ne2 Bxb2 14. Qxb2 Qf6 15.
Qxf6 Nxf6 16. Ne5 Nbd7 17. d4 Nxe5 18. dxe5 Ng4 19. cxd5 exd5 20. e4 Rxe5 21.
Nc3 dxe4 22. Nxe4 Be6 23. Nc5 Rb8 24. Rfe1 Rxe1+ 25. Rxe1 Nf6 26. Nxe6 fxe6 27.
Rxe6 Re8 28. Rd6 Kf7 29. Bf3 Re7 30. Rd8 Re8 31. Rd4 Re7 32. b4 Rd7 33. Rc4 a6
34. Kg2 Rd2 35. a4 Rb2 36. a5 Ke6 37. h4 Kd6 38. h5 h6 39. Kf1 Ke5 40. Rf4 Rd2
41. Bg4 Rd4 42. Rxd4 Kxd4 43. Bc8 Nd5 44. Bxb7 Nxb4 45. Ke2 c5 46. Bc8 c4 47.
Kd1 c3 48. Bf5 Nc6 49. Bc8 Nxa5 50. Bxa6 Nc6 51. Bc8 Ne5 52. Bf5 Nf3 53. Bh7
Nd2 54. Bc2 Ne4 55. Ke2 Nf6 56. Kf3 Nxh5 57. Kg4 1/2-1/2